Transforming villages : (Record no. 522508)
[ view plain ]
| 000 -LEADER | |
|---|---|
| fixed length control field | 01378nam a22003855i 4500 |
| 001 - CONTROL NUMBER | |
| control field | 20698213 |
| 003 - CONTROL NUMBER IDENTIFIER | |
| control field | NUST |
| 005 - DATE AND TIME OF LATEST TRANSACTION | |
| control field | 20181030111129.0 |
| 008 - FIXED-LENGTH DATA ELEMENTS--GENERAL INFORMATION | |
| fixed length control field | 181009s2016 pk 001 0 eng |
| 010 ## - LIBRARY OF CONGRESS CONTROL NUMBER | |
| LC control number | 2018326007 |
| 020 ## - INTERNATIONAL STANDARD BOOK NUMBER | |
| International Standard Book Number | 9789697576296 |
| 025 ## - OVERSEAS ACQUISITION NUMBER | |
| Overseas acquisition number | P-E-2018326007; 38; 35 |
| 037 ## - SOURCE OF ACQUISITION | |
| Source of stock number/acquisition | Library of Congress -- Islamabad Overseas Office |
| 038 ## - RECORD CONTENT LICENSOR | |
| Staff Name | WASEEM |
| 040 ## - CATALOGING SOURCE | |
| Original cataloging agency | DLC |
| Language of cataloging | eng |
| Transcribing agency | DLC |
| Description conventions | rda |
| 042 ## - AUTHENTICATION CODE | |
| Authentication code | lcode |
| 043 ## - GEOGRAPHIC AREA CODE | |
| Geographic area code | a-pk--- |
| 082 ## - DEWEY DECIMAL CLASSIFICATION NUMBER | |
| Classification number | 333.31 |
| Author Mark | MAL |
| 100 1# - MAIN ENTRY--PERSONAL NAME | |
| Personal name | Malik, Javed Ahmed, |
| Relator term | author. |
| 9 (RLIN) | 12398 |
| 245 10 - TITLE STATEMENT | |
| Title | Transforming villages : |
| Remainder of title | how grassroots democracy can end rural poverty at a rapid pace / |
| Statement of responsibility, etc. | Javed Ahmed Malik. |
| 250 ## - EDITION STATEMENT | |
| Edition statement | 1st Edition. |
| 264 #1 - PRODUCTION, PUBLICATION, DISTRIBUTION, MANUFACTURE, AND COPYRIGHT NOTICE | |
| Place of production, publication, distribution, manufacture | Islamabad : |
| Name of producer, publisher, distributor, manufacturer | Iqbal International Institute for Research & Dialogue, |
| Date of production, publication, distribution, manufacture, or copyright notice | 2018. |
| 300 ## - PHYSICAL DESCRIPTION | |
| Extent | 256 pages ; |
| Dimensions | 22 cm |
| 336 ## - CONTENT TYPE | |
| Content type term | text |
| Content type code | txt |
| Source | rdacontent |
| 337 ## - MEDIA TYPE | |
| Media type term | unmediated |
| Media type code | n |
| Source | rdamedia |
| 338 ## - CARRIER TYPE | |
| Carrier type term | volume |
| Carrier type code | nc |
| Source | rdacarrier |
| 500 ## - GENERAL NOTE | |
| General note | Includes index. |
| 650 #0 - SUBJECT ADDED ENTRY--TOPICAL TERM | |
| Topical term or geographic name entry element | Rural development |
| Geographic subdivision | Pakistan. |
| 9 (RLIN) | 12399 |
| 650 #0 - SUBJECT ADDED ENTRY--TOPICAL TERM | |
| Topical term or geographic name entry element | Sustainable development |
| Geographic subdivision | Pakistan. |
| 9 (RLIN) | 6837 |
| 650 #0 - SUBJECT ADDED ENTRY--TOPICAL TERM | |
| Topical term or geographic name entry element | Decentralization in government |
| Geographic subdivision | Pakistan. |
| 9 (RLIN) | 12400 |
| 710 2# - ADDED ENTRY--CORPORATE NAME | |
| Corporate name or jurisdiction name as entry element | International Islamic University (Islāmābād, Pakistan). |
| Subordinate unit | Iqbal International Institute for Research & Dialogue. |
| 9 (RLIN) | 7154 |
| 906 ## - LOCAL DATA ELEMENT F, LDF (RLIN) | |
| a | 0 |
| b | ibc |
| c | origode |
| d | 3 |
| e | ncip |
| f | 20 |
| g | y-gencatlg |
| 942 ## - ADDED ENTRY ELEMENTS (KOHA) | |
| Source of classification or shelving scheme | |
| Koha item type | Book |
| Withdrawn status | Lost status | Source of classification or shelving scheme | Damaged status | Not for loan | Permanent Location | Current Location | Date acquired | Total Checkouts | Full call number | Barcode | Date last seen | Date last checked out | Price effective from | Koha item type | Collection code | Shelving location | Source of acquisition |
|---|---|---|---|---|---|---|---|---|---|---|---|---|---|---|---|---|---|
| Central Library (CL) | Central Library (CL) | 10/30/2018 | 3 | 333.31 MAL | CL-D-4 | 08/17/2020 | 03/06/2019 | 10/30/2018 | Book | ||||||||
| Central Library (CL) | Central Library (CL) | 01/10/2019 | 333.31 MAL | CL-D-298 | 02/03/2022 | 01/10/2019 | Book | Book Cart | Donation |
